| 000 | 00860nas a2200265 4500 | ||
|---|---|---|---|
| 001 | BR2010000351 | ||
| 003 | BR-BrBNA | ||
| 005 | 20231205114041.0 | ||
| 007 | ta | ||
| 008 | 230509b bl.|||p| |||| 00| 00por d | ||
| 040 |
_aBR-BrBNA _bpor _cBiblioteca Nacional de Agricultura |
||
| 041 | _a(Pt) | ||
| 072 | _aF01; H10 | ||
| 100 | 1 | _aMarsaro Júnior, A.L. | |
| 100 | 1 | _aMourão Júnior, M. | |
| 100 | 1 | _aGriffel, S.C.P. | |
| 100 | 1 | _aSilva, W.R. da | |
| 100 | 1 | _aMelo, A.E.B. de | |
| 245 | 1 | _aDeficiência da terra de diatomácea no controle de Tribolium castaneum em milho armazenado | |
| 650 | _aCONTROLE FÍSICO | ||
| 650 | _aMILHO | ||
| 773 | 0 |
_tRevista Acadêmica. Ciências Agrárias e Ambientais (Brazil) _xISSN 0103-989X _g(Jan-Mar 2009), v. 7(1) p. 79-84 _wBR2010000351 |
|
| 909 |
_a202311 _bLúcia _c55 _dLúcia Elande |
||
| 942 |
_2AGRIS _n0 _cANA |
||
| 999 |
_c206876 _d206876 |
||